Historický vývoj daňových odpisov dlhodobého majetku v SR bakalárska práca

Salvato in:
Dettagli Bibliografici
Autore principale: Kičinová, Marta
Ente Autore: Fakulta hospodárskej informatiky EU. Katedra účtovníctva a audítorstva
Altri autori: Parajka, Branislav, 1981-
Natura: Libro
Lingua:slovacco
Pubblicazione: Bratislava 2017
Tags: Aggiungi Tag
Nessun Tag, puoi essere il primo ad aggiungerne!!

MARC

LEADER 00000nbm a2200000 4500
001 0233144
005 20180412140534.2
041 0 |a slo 
044 |a SK 
245 1 0 |a Historický vývoj daňových odpisov dlhodobého majetku v SR  |b bakalárska práca  |c Marta Kičinová ; školiteľ: Branislav Parajka 
264 1 |a Bratislava  |c 2017 
300 |a 50 s. 
100 1 |a Kičinová, Marta 
700 1 |a Parajka, Branislav, 1981- 
710 2 |a Fakulta hospodárskej informatiky EU. Katedra účtovníctva a audítorstva